000 00321 a2200097 4500
100 1 _aMaksimov, G.Z..
_eAutor
700 1 _aPsenicnikov, A.P..
_eAutor
245 0 _aTelefonnaja nagruzka mestnych setej svjazi /
_cMaksimov G.Z., Psenicnikov A.P..
710 2 _aSvjaz'.
_eWydawca
_4pbl
260 _aMoskva :
_bSvjaz',
_c1969.
300 _a151 s.;
_c25 cm.
999 _c7392
_d7392